000 01081cam a22003137a 4500
003 CHAP
005 20220329132914.0
008 971010s1988 r 00010 d
010 _a137
011 _a1109
035 _a285
040 _cCHAP
082 _a634.955
_bZ6Y
100 0 0 _aZobel, Bruce J.
_9124131
245 0 _aTécnicas de mejoramiento genético de árboles forestales
_c/por Bruce J. Zobel y John Talbert
260 _aMéxico :
_bLimusa,
_c1988
300 _a545 p.
_b: ilus.
590 _aBATCH-UPD
_b10
_c20130110
_lUCH01
_h0922
590 _aBATCH-UPD
_b10
_c20130410
_lUCH01
_h0544
590 _aBATCH-UPD
_b10
_c20130914
_lUCH01
_h1536
590 _aCONVERSION
_b10
_c20130109
_lUCH01
_h1302
650 1 4 _aGenética forestal.
_947489
700 0 _aTalbert, John.
_9111406
901 _aBK
942 _cLIBRO
949 _a634.955 Z6Y
_bBC
_cLIBRO
_d33724000244141
_eLIBRO
_fc.2
_h77551
_i285
_si
949 _a634.955 Z6Y
_bBC
_cLIBRO
_d33724000737219
_eLIBRO
_fc.3
_gI. 200392
_h96735
_i285
_si
_t111.00
949 _a634.955 Z6Y
_bBC
_cLIBRO
_d33724000907150
_eLIBRO
_h23755
_i285
_si
999 _c137
_d137